000
00265nam a22001217a 4500
082
_a
158
_b
HIL/R
100
_a
HILL,NAPOLEON
245
_a
ROAD TO SUCCESS
260
_a
MUMBAI
_b
JAICO BOOKS
300
_a
132
650
_a
PERSONALITY DEVELOPMENT
_z
MUMBAI
942
_c
BK
999
_c
5322
_d
5322